000 00510nam a2200193Ia 4500
005 20250326145200.0
008 250326s9999 xx 000 0 und d
037 _aTextbook
040 _aFMSL
_beng
_cFMSL
041 _aeng
_2eng
084 _aX:935 Q0
_qFMSL
100 _aFerracone R A
_9750794
245 0 _aFair pay, fair play
_cFerracone R A
260 _aNY
_bNY, Jossey-Bass
_c2010
365 _b1579.74
650 _aManagement
942 _cTB
_hX:935 Q0
999 _c1306664
_d1306664